[Event "Moravia-Silesia Region-chT 2223"]
[Site "Czech Republic"]
[Date "2023.02.12"]
[Round "8"]
[White "Olsar, Jaroslav"]
[Black "Hurta, Jiri"]
[Result "1/2-1/2"]
[WhiteElo "2058"]
[BlackElo "1797"]
[PlyCount "38"]
[EventDate "2022.10.09"]
[EventType "team-tourn"]
[EventRounds "11"]
[EventCountry "CZE"]
[SourceTitle "EXT 2024"]
[Source "ChessBase"]
[SourceDate "2023.10.10"]
[SourceVersion "1"]
[SourceVersionDate "2023.10.10"]
[SourceQuality "1"]
[WhiteTeam "Karvina"]
[BlackTeam "Havirov Banik"]
[WhiteTeamCountry "CZE"]
[BlackTeamCountry "CZE"]

1. e4 Nf6 2. e5 Ng8 3. d4 d5 4. c4 c5 5. Nf3 Bg4 6. Be2 e6 7. cxd5 exd5 8. Nc3 c4 9. 0-0 Nc6 10. h3 Bh5 11. b3 Bb4 12. Bb2 Bxc3 13. Bxc3 b5 14. bxc4 bxc4 15. Rb1 Nge7 16. Rb2 0-0 17. Qa4 Bg6 18. Nh4 Rb8 19. Rxb8 Qxb8 1/2-1/2

[Event "CZE-chT2F 1920"]
[Site "Czech Republic"]
[Date "2020.02.23"]
[Round "9.7"]
[White "Sklenar, Tomas"]
[Black "Hurta, Jiri"]
[Result "1/2-1/2"]
[WhiteElo "1772"]
[BlackElo "1773"]
[PlyCount "21"]
[EventDate "2019.10.13"]
[EventType "team-tourn"]
[EventRounds "11"]
[EventCountry "CZE"]
[SourceTitle "EXT 2024"]
[Source "ChessBase"]
[SourceDate "2023.10.10"]
[SourceVersion "1"]
[SourceVersionDate "2023.10.10"]
[SourceQuality "1"]
[WhiteTeam "Litovel Tatran"]
[BlackTeam "Ostrava Labortech II"]
[WhiteTeamCountry "CZE"]
[BlackTeamCountry "CZE"]

1. e4 Nf6 2. Nc3 d5 3. exd5 Nxd5 4. Bc4 c6 5. Qf3 e6 6. Nge2 Nd7 7. d4 Nxc3 8. Nxc3 Nb6 9. Bb3 Qxd4 10. Be3 Qf6 11. Qg3 1/2-1/2

[Event "Karvina op"]
[Site "Karvina"]
[Date "2016.07.03"]
[Round "2"]
[White "Hurta, Jiri"]
[Black "Zamarska, Sylwia"]
[Result "1/2-1/2"]
[WhiteElo "1798"]
[BlackElo "1601"]
[PlyCount "90"]
[EventDate "2016.07.02"]
[EventType "swiss"]
[EventRounds "9"]
[EventCountry "CZE"]
[SourceTitle "EXT 2017"]
[Source "ChessBase"]
[SourceDate "2016.10.25"]
[SourceVersion "1"]
[SourceVersionDate "2016.10.25"]
[SourceQuality "1"]

1. Nf3 d5 2. g3 Nf6 3. Bg2 e6 4. 0-0 c5 5. d3 Nc6 6. Nbd2 Be7 7. e4 dxe4 8. dxe4 0-0 9. e5 Nd5 10. Qe2 Qc7 11. Qe4 Rd8 12. c3 Bf8 13. Ng5 g6 14. f4 b6 15. Nc4 Ba6 16. Re1 Rd7 17. Ne3 Nxe3 18. Bxe3 Bb7 19. Rad1 Rad8 20. Qc2 Ne7 21. Ne4 Bg7 22. Nd6 Bxg2 23. Kxg2 Nf5 24. Nxf5 gxf5 25. Kf2 Kf8 26. Rxd7 Rxd7 27. Re2 Ke7 28. c4 Qb7 29. Rd2 Rxd2+ 30. Qxd2 Qd7 31. Ke2 Qxd2+ 32. Kxd2 f6 33. exf6+ Bxf6 34. b3 Kd6 35. Kd3 h5 36. Bf2 Be7 37. a4 a5 38. Ke3 Bd8 39. Kf3 Ke7 40. Be1 Kf7 41. Bc3 Bc7 42. Bb2 Bb8 43. Be5 Bxe5 44. fxe5 Kg6 45. Kf4 Kh6 1/2-1/2

[Event "Karvina op"]
[Site "Karvina"]
[Date "2016.07.02"]
[Round "1"]
[White "Michenka, Jozef"]
[Black "Hurta, Jiri"]
[Result "1-0"]
[WhiteElo "2331"]
[BlackElo "1798"]
[PlyCount "79"]
[EventDate "2016.07.02"]
[EventType "swiss"]
[EventRounds "9"]
[EventCountry "CZE"]
[SourceTitle "EXT 2017"]
[Source "ChessBase"]
[SourceDate "2016.10.25"]
[SourceVersion "1"]
[SourceVersionDate "2016.10.25"]
[SourceQuality "1"]

1. d4 Nf6 2. c4 g6 3. Nc3 Bg7 4. e4 d6 5. Bd3 e5 6. d5 a5 7. f3 Nfd7 8. h4 h5 9. Be3 Bh6 10. Bxh6 Rxh6 11. Qd2 Rh8 12. Nge2 Nc5 13. Bc2 Nba6 14. a3 Bd7 15. b3 b6 16. Rb1 Kf8 17. b4 axb4 18. axb4 Nb7 19. g3 Kg7 20. 0-0 Bh3 21. Rf2 Nb8 22. Kh2 Bc8 23. Ba4 Nd7 24. Bc6 Ra6 25. Nc1 Qe7 26. Nd3 Nd8 27. Kg1 f6 28. Rbf1 Nf8 29. Bb5 Ra7 30. f4 Bh3 31. Rc1 Nf7 32. Kh2 Bc8 33. fxe5 fxe5 34. Kg2 Nh6 35. Rcf1 Nd7 36. Qg5 Re8 37. Bxd7 Qxd7 38. Rf6 Qh3+ 39. Kg1 Bf5 40. exf5 1-0

[Event "CZE-chT2F 1516"]
[Site "Czech Republic"]
[Date "2016.02.21"]
[Round "8.26"]
[White "Hurta, Jiri"]
[Black "Sikorova, Olga"]
[Result "0-1"]
[WhiteElo "1784"]
[BlackElo "2222"]
[PlyCount "52"]
[EventDate "2015.10.18"]
[EventType "team-tourn"]
[EventRounds "11"]
[EventCountry "CZE"]
[SourceTitle "EXT 2022"]
[Source "ChessBase"]
[SourceDate "2021.10.06"]
[SourceVersion "1"]
[SourceVersionDate "2021.10.06"]
[SourceQuality "1"]
[WhiteTeam "Ostrava Labortech II"]
[BlackTeam "Trinec II"]
[WhiteTeamCountry "CZE"]
[BlackTeamCountry "CZE"]

1. Nf3 c5 2. g3 Nc6 3. Bg2 g6 4. e4 Bg7 5. 0-0 d6 6. c3 e5 7. d3 Nge7 8. Nh4 0-0 9. f4 f5 10. Be3 Kh8 11. Nd2 exf4 12. gxf4 Qc7 13. a4 b6 14. Ndf3 Bd7 15. Ng5 Rae8 16. Rf3 fxe4 17. dxe4 Bg4 18. Qb3 Bxf3 19. Nf7+ Rxf7 20. Qxf7 Rf8 21. Qe6 Bxg2 22. Kxg2 Rf6 23. Qh3 Qc8 24. Qg3 Qe6 25. Rg1 Qxe4+ 26. Kh3 Nf5 0-1

[Event "Karvina op"]
[Site "Karvina"]
[Date "2015.07.04"]
[Round "8"]
[White "Kutalek, Jan"]
[Black "Hurta, Jiri"]
[Result "1-0"]
[WhiteElo "1740"]
[BlackElo "1853"]
[PlyCount "89"]
[EventDate "2015.06.27"]
[EventType "swiss"]
[EventRounds "9"]
[EventCountry "CZE"]
[SourceTitle "CBM 167 Extra"]
[Source "ChessBase"]
[SourceDate "2015.09.14"]
[SourceVersion "1"]
[SourceVersionDate "2015.09.14"]
[SourceQuality "1"]

1. e4 c6 2. Nf3 d5 3. exd5 cxd5 4. Ne5 Nc6 5. d4 Nf6 6. Bb5 Bd7 7. Be2 e6 8. f4 Qc7 9. c3 Be7 10. 0-0 Ne4 11. Nd2 f6 12. Nd3 0-0-0 13. Bf3 e5 14. Nxe4 dxe4 15. Bxe4 exd4 16. cxd4 Nxd4 17. Be3 Bc6 18. Rc1 Kb8 19. Bxd4 Rxd4 20. Bxc6 bxc6 21. Qf3 Rd5 22. Rc3 Rhd8 23. Rfc1 Kb7 24. Qe4 Qd7 25. Rxc6 Qxc6 26. Rxc6 Kxc6 27. Qxe7 Rxd3 28. Kf2 R8d7 29. Qe4+ Kc5 30. Qa4 R3d4 31. Qc2+ Kb6 32. Qb3+ Kc5 33. Qc3+ Kb6 34. Ke3 Rd1 35. a4 h6 36. b4 Re7+ 37. Kf2 Red7 38. Qc5+ Kb7 39. b5 R1d2+ 40. Ke3 Kb8 41. b6 axb6 42. Qxb6+ Kc8 43. Qa6+ Kb8 44. Qb6+ Kc8 45. Qc5+ 1-0

[Event "Karvina op"]
[Site "Karvina"]
[Date "2015.06.30"]
[Round "4"]
[White "Petrov, Nikolaj"]
[Black "Hurta, Jiri"]
[Result "1-0"]
[WhiteElo "1728"]
[BlackElo "1853"]
[PlyCount "51"]
[EventDate "2015.06.27"]
[EventType "swiss"]
[EventRounds "9"]
[EventCountry "CZE"]
[SourceTitle "CBM 167 Extra"]
[Source "ChessBase"]
[SourceDate "2015.09.14"]
[SourceVersion "1"]
[SourceVersionDate "2015.09.14"]
[SourceQuality "1"]

1. Nf3 Nf6 2. c4 g6 3. Nc3 Bg7 4. e4 d6 5. g3 0-0 6. Bg2 c5 7. 0-0 Nc6 8. d4 cxd4 9. Nxd4 Nxe4 10. Nxc6 Nxc3 11. Nxe7+ Qxe7 12. bxc3 Bxc3 13. Rb1 Rd8 14. Bf4 g5 15. Be3 d5 16. cxd5 Bf5 17. Rb3 Bf6 18. Re1 Qc7 19. Qf3 Qa5 20. Re2 Qa6 21. Qxf5 Qxe2 22. Qxf6 Qc4 23. Bf1 Qxd5 24. Rd3 Qa5 25. Bxg5 Rxd3 26. Bh6 1-0

[Event "Orlova op-A 12th"]
[Site "Orlova"]
[Date "2015.05.26"]
[Round "3"]
[White "Hurta, Jiri"]
[Black "Ocko, Dominik"]
[Result "0-1"]
[WhiteElo "1849"]
[BlackElo "1716"]
[PlyCount "68"]
[EventDate "2015.05.24"]
[EventType "swiss"]
[EventRounds "9"]
[EventCountry "CZE"]
[SourceTitle "CBM 166 Extra"]
[Source "ChessBase"]
[SourceDate "2015.06.18"]
[SourceVersion "1"]
[SourceVersionDate "2015.06.18"]
[SourceQuality "1"]

1. Nf3 d5 2. g3 c6 3. Bg2 Nf6 4. 0-0 Bf5 5. b3 Nbd7 6. Bb2 e6 7. d3 h6 8. Nbd2 Be7 9. e4 Bg6 10. Ne5 Nxe5 11. Bxe5 0-0 12. Qe2 Bh5 13. Qe1 Nd7 14. Bb2 Qc7 15. exd5 cxd5 16. c4 Nc5 17. Be5 Qd7 18. Qe3 Bg6 19. cxd5 exd5 20. Qd4 Nxd3 21. Nc4 Rfd8 22. Ne3 Nxe5 23. Qxe5 Bf6 24. Qxd5 Qxd5 25. Nxd5 Bxa1 26. Ne7+ Kf8 27. Nxg6+ fxg6 28. Rxa1 Rd2 29. Rc1 Rad8 30. Bf3 b6 31. Kg2 Rb2 32. Rd1 Rxd1 33. Bxd1 Rd2 34. Bg4 Ke7 0-1

[Event "CZE-chT2F 1415"]
[Site "Czech Republic"]
[Date "2015.01.25"]
[Round "6.67"]
[White "Sikora, Jan"]
[Black "Hurta, Jiri"]
[Result "1-0"]
[WhiteElo "2211"]
[BlackElo "1798"]
[PlyCount "63"]
[EventDate "2014.11.02"]
[EventType "team-tourn"]
[EventRounds "11"]
[EventCountry "CZE"]
[SourceTitle "EXT 2022"]
[Source "ChessBase"]
[SourceDate "2021.10.06"]
[SourceVersion "1"]
[SourceVersionDate "2021.10.06"]
[SourceQuality "1"]
[WhiteTeam "Trinec II"]
[BlackTeam "Ostrava Labortech II"]
[WhiteTeamCountry "CZE"]
[BlackTeamCountry "CZE"]

1. e4 c6 2. d4 d5 3. e5 Bf5 4. Nf3 e6 5. Be2 Nd7 6. 0-0 Qb6 7. c3 Ne7 8. b4 Ng6 9. a3 f6 10. Be3 Qc7 11. exf6 gxf6 12. Bd3 Bxd3 13. Qxd3 Bd6 14. c4 Rg8 15. Nc3 h5 16. Rac1 Bxh2+ 17. Nxh2 Nh4 18. g4 hxg4 19. Qh7 0-0-0 20. Qxh4 g3 21. fxg3 Rxg3+ 22. Kf2 Rgg8 23. Nf3 dxc4 24. Rg1 Rh8 25. Qg4 e5 26. Qf5 Kb8 27. Rh1 exd4 28. Bf4 Ne5 29. Rxh8 Rxh8 30. Nxe5 Ka8 31. Ng6 Rh2+ 32. Kg1 1-0

[Event "Karvina op"]
[Site "Karvina"]
[Date "2014.07.06"]
[Round "9"]
[White "Domanski, Lukasz"]
[Black "Hurta, Jiri"]
[Result "1-0"]
[WhiteElo "1679"]
[BlackElo "1852"]
[PlyCount "41"]
[EventDate "2014.06.28"]
[EventType "swiss"]
[EventRounds "9"]
[EventCountry "CZE"]
[SourceTitle "CBM 161 Extra"]
[Source "ChessBase"]
[SourceDate "2014.08.29"]
[SourceVersion "1"]
[SourceVersionDate "2014.08.29"]
[SourceQuality "1"]

1. e4 e6 2. d4 d5 3. e5 c5 4. c3 Qb6 5. Nf3 Bd7 6. Bd3 Bb5 7. dxc5 Bxc5 8. b4 Be7 9. 0-0 Bxd3 10. Qxd3 Nd7 11. Na3 a6 12. c4 Bxb4 13. cxd5 exd5 14. Rb1 Qa5 15. Nc2 Bc3 16. Ba3 Ne7 17. Rxb7 Nc5 18. Rxe7+ Kxe7 19. Qxd5 Rac8 20. Ng5 Rhf8 21. Rd1 1-0

[Event "Ostrava Konik op"]
[Site "Ostrava"]
[Date "2014.05.01"]
[Round "6"]
[White "Hurta, Jiri"]
[Black "Depta, Tomas"]
[Result "1/2-1/2"]
[WhiteElo "1844"]
[BlackElo "1888"]
[PlyCount "54"]
[EventDate "2014.04.26"]
[EventType "swiss"]
[EventRounds "9"]
[EventCountry "CZE"]
[SourceTitle "CBM 160 Extra"]
[Source "ChessBase"]
[SourceDate "2014.07.01"]
[SourceVersion "1"]
[SourceVersionDate "2014.07.01"]
[SourceQuality "1"]

1. Nf3 d5 2. g3 c6 3. Bg2 Nf6 4. b3 Bf5 5. Bb2 e6 6. d3 h6 7. Nbd2 Nbd7 8. 0-0 Be7 9. Re1 0-0 10. e4 Bh7 11. e5 Ne8 12. Nf1 c5 13. N3d2 Rb8 14. a4 a6 15. a5 b5 16. axb6 Qxb6 17. Bc3 f6 18. Ba5 Qc6 19. f4 fxe5 20. fxe5 Bd8 21. Bxd8 Rxd8 22. Nf3 Qb6 23. Ne3 Nc7 24. Qd2 Rf7 25. Qa5 Rdf8 26. Qxb6 Nxb6 27. Rf1 Nd7 1/2-1/2